Normal view MARC view

Entry Nombre personal

Number of records used in: 1

001 - NÚMERO DE CONTROL

  • campo de control: 158744

003 - IDENTIFICADOR DE NÚMERO DE CONTROL

  • campo de control: SpMaBN

005 - FECHA Y HORA DE LA ÚLTIMA TRANSACCIÓN

  • campo de control: 20250826040333.0

008 - ELEMENTOS DE DATO DE LONGITUD-FIJA

  • campo de control de longitud fija: 150310n|#azznnaabn |n aaa ##

024 7# - IDENTIFICADOR DE OTROS ESTÁNDARES

  • Número estándar o código: http://viaf.org/viaf/2148933662354302641/
  • Fuente: viaf

040 ## - FUENTE DE CATALOGACIÓN

  • Centro catalogador/agencia de origen: SpMaBN
  • Lengua de catalogación: spa
  • Centro/agencia transcriptor: SpMaBN
  • Normas de descripción: rdc
  • Convención/Normas de encabezamiento de materia/tesauro: embne

100 1# - ENCABEZAMIENTO-NOMBRE DE PERSONA

  • Nombre de persona: Hernández Guijarro, Fernando

375 ## - GÉNERO/SEXO

  • Género: Masculino

670 ## - FUENTE DE DATOS ENCONTRADOS

  • Cita de la fuente: Impugnación de las ordenanzas fiscales, 2015
  • Información encontrada: v. de la port. ([compilador], Fernando Hernández Guijarro, abogado fiscalista; Dr. en Derecho por la Univ. de Valencia)

670 ## - FUENTE DE DATOS ENCONTRADOS

  • Cita de la fuente: WWW El Derecho, 18-3-2015
  • Información encontrada: (Fernando Hernández Guijarro. Abogado fiscalista y doctor en Derecho por la Universidad de Valencia)
  • Identificador Uniforme de Recursos: http://www.elderecho.com/tribuna/administrativo/ordenanzas-fis cales-constitucional-tributario-impugnacion_11_777430001.html

856 4# - LOCALIZACIÓN Y ACCESO ELECTRÓNICOS

  • Identificador Uniforme de Recursos: https://dialnet.unirioja.es/servlet/autor?codigo=3578629